[Event "2017 O2C Doeberl Cup"]
[Site "Canberra Australia"]
[Date "2017.04.14"]
[Round "3.4"]
[White "Ly, Moulthun"]
[Black "Lane, Gary W"]
[Result "1-0"]
[LiveChessVersion "1.4.4"]
[BlackElo "2391"]
[WhiteElo "2486"]

1. d4 {[%clk 1:30:56]} d5 {[%clk 1:30:52]} 2. c4 {[%clk 1:30:27]} dxc4
{[%clk 1:31:00]} 3. Nf3 {[%clk 1:30:40]} Nf6 {[%clk 1:31:17]} 4. e3
{[%clk 1:31:03]} Bg4 {[%clk 1:30:34]} 5. Bxc4 {[%clk 1:30:40]} e6
{[%clk 1:30:50]} 6. O-O {[%clk 1:28:09]} Bd6 {[%clk 1:30:40]} 7. Nbd2
{[%clk 1:28:25]} Nbd7 {[%clk 1:27:03]} 8. Be2 {[%clk 1:28:34]} O-O
{[%clk 1:25:53]} 9. Nc4 {[%clk 1:28:20]} Be7 {[%clk 1:25:44]} 10. b3
{[%clk 1:28:21]} c5 {[%clk 1:24:24]} 11. Bb2 {[%clk 1:27:55]} Rc8
{[%clk 1:21:06]} 12. Rc1 {[%clk 1:27:33]} cxd4 {[%clk 1:14:23]} 13. Qxd4
{[%clk 1:20:58]} Nc5 {[%clk 1:09:26]} 14. Qf4 {[%clk 1:15:26]} Bh5
{[%clk 1:02:06]} 15. Rfd1 {[%clk 1:15:10]} Ncd7 {[%clk 0:54:17]} 16. Qd4
{[%clk 1:02:25]} b6 {[%clk 0:49:42]} 17. h3 {[%clk 1:00:30]} Bg6 {[%clk 0:40:21]}
18. Nfe5 {[%clk 0:55:57]} Nxe5 {[%clk 0:39:59]} 19. Qxe5 {[%clk 0:55:58]} Qc7
{[%clk 0:39:09]} 20. Nd6 {[%clk 0:51:35]} Bxd6 {[%clk 0:39:23]} 21. Rxd6
{[%clk 0:47:20]} Qb7 {[%clk 0:29:33]} 22. Rcd1 {[%clk 0:44:12]} Rc5
{[%clk 0:26:10]} 23. Qd4 {[%clk 0:41:46]} Be4 {[%clk 0:17:21]} 24. f3
{[%clk 0:33:15]} Rd5 {[%clk 0:09:36]} 25. Rxd5 {[%clk 0:32:31]} Bxd5
{[%clk 0:10:01]} 26. e4 {[%clk 0:32:30]} Bc6 {[%clk 0:10:25]} 27. Qd6
{[%clk 0:31:40]} Rc8 {[%clk 0:10:00]} 28. Bxf6 gxf6 {[%clk 0:10:25]} 29. Kh1
{[%clk 0:24:43]} Be8 {[%clk 0:06:40]} 30. Qg3+ {[%clk 0:23:11]} Kf8
{[%clk 0:05:38]} 31. Qh4 {[%clk 0:20:05]} Kg7 {[%clk 0:06:02]} 32. e5
{[%clk 0:19:13]} fxe5 {[%clk 0:06:17]} 33. Qg5+ {[%clk 0:19:28]} Kf8
{[%clk 0:06:41]} 34. Qxe5 {[%clk 0:19:46]} Qc7 {[%clk 0:05:26]} 35. Qh8+
{[%clk 0:19:20]} Ke7 {[%clk 0:05:52]} 36. Qxh7 {[%clk 0:19:30]} Qf4
{[%clk 0:04:01]} 37. Qd3 {[%clk 0:16:44]} Rc5 {[%clk 0:04:19]} 38. Qd8+
{[%clk 0:15:10]} Kf8 {[%clk 0:04:42]} 39. Qd2 {[%clk 0:12:10]} Qg3
{[%clk 0:04:40]} 40. Bc4 {[%clk 0:09:48]} b5 {[%clk 0:01:26]} 41. Qb4
{[%clk 0:05:05]} Qg5 {[%clk 0:29:29]} 42. Bf1 {[%clk 0:33:06]} Qe7
{[%clk 0:26:26]} 43. Qd4 {[%clk 0:30:27]} e5 {[%clk 0:25:26]} 44. Qe3
{[%clk 0:30:20]} Kg7 {[%clk 0:24:26]} 45. Rd4 {[%clk 0:27:11]} f5
{[%clk 0:23:13]} 46. Rd1 {[%clk 0:21:28]} Bc6 {[%clk 0:22:06]} 47. Rc1
{[%clk 0:19:50]} Rxc1 {[%clk 0:21:05]} 48. Qxc1 {[%clk 0:20:13]} Qd7
{[%clk 0:21:23]} 49. Qc3 {[%clk 0:19:17]} Qd5 {[%clk 0:17:24]} 50. Qe3
{[%clk 0:18:28]} Kg6 {[%clk 0:13:43]} 51. Qxa7 {[%clk 0:18:24]} Qd1
{[%clk 0:13:09]} 52. Kg1 {[%clk 0:15:44]} Qc1 {[%clk 0:12:30]} 53. Qf2
{[%clk 0:14:36]} e4 {[%clk 0:12:35]} 54. fxe4 {[%clk 0:14:20]} fxe4
{[%clk 0:12:46]} 55. Kh2 {[%clk 0:14:32]} e3 {[%clk 0:12:02]} 56. Bd3+
{[%clk 0:14:18]} Kg7 {[%clk 0:12:20]} 57. Qg3+ {[%clk 0:14:31]} Kf6
{[%clk 0:12:42]} 58. Qd6+ {[%clk 0:14:42]} Kf7 {[%clk 0:11:38]} 59. Qc7+
{[%clk 0:15:01]} 1-0

[Event "2017 O2C Doeberl Cup"]
[Site "Canberra Australia"]
[Date "2017.04.14"]
[Round "3.5"]
[White "Solomon, Stephen J"]
[Black "Morris, James"]
[Result "1/2-1/2"]
[LiveChessVersion "1.4.4"]
[BlackElo "2459"]
[WhiteElo "2374"]

1. e4 {[%clk 1:30:57]} d6 {[%clk 1:30:46]} 2. d4 {[%clk 1:31:14]} Nf6
{[%clk 1:31:12]} 3. Nc3 {[%clk 1:31:28]} g6 {[%clk 1:31:37]} 4. f4
{[%clk 1:30:56]} Bg7 {[%clk 1:30:47]} 5. Nf3 {[%clk 1:31:09]} O-O
{[%clk 1:31:13]} 6. e5 {[%clk 1:27:54]} Nfd7 {[%clk 1:31:39]} 7. Bc4
{[%clk 1:22:37]} Nb6 {[%clk 1:31:23]} 8. Bd3 {[%clk 1:21:48]} Nc6
{[%clk 1:31:23]} 9. Be3 {[%clk 1:20:17]} Nb4 {[%clk 1:30:03]} 10. O-O
{[%clk 1:18:19]} Nxd3 {[%clk 1:29:42]} 11. Qxd3 {[%clk 1:18:37]} c6
{[%clk 1:30:05]} 12. Rae1 {[%clk 1:14:58]} Be6 {[%clk 1:20:04]} 13. b3
{[%clk 1:14:29]} Rc8 {[%clk 1:16:36]} 14. Qe2 {[%clk 0:54:12]} f6
{[%clk 0:53:07]} 15. h3 {[%clk 0:52:33]} Nd5 {[%clk 0:40:55]} 16. Nxd5
{[%clk 0:48:15]} cxd5 {[%clk 0:40:22]} 17. g4 {[%clk 0:47:49]} Qd7
{[%clk 0:33:19]} 18. Rf2 {[%clk 0:42:50]} fxe5 {[%clk 0:20:55]} 19. dxe5
{[%clk 0:41:10]} dxe5 {[%clk 0:21:16]} 20. Nxe5 {[%clk 0:35:42]} Bxe5
{[%clk 0:21:33]} 21. fxe5 {[%clk 0:36:06]} Rxf2 {[%clk 0:20:51]} 22. Qxf2
{[%clk 0:31:26]} Rf8 {[%clk 0:20:29]} 23. Qg2 {[%clk 0:30:46]} Qc7
{[%clk 0:18:02]} 24. Bd4 {[%clk 0:23:50]} Qa5 {[%clk 0:17:53]} 25. c3
{[%clk 0:23:10]} Qa6 {[%clk 0:18:14]} 26. Qe2 Qxe2 {[%clk 0:17:05]} 27. Rxe2
{[%clk 0:22:59]} a6 {[%clk 0:15:16]} 28. Rf2 {[%clk 0:18:55]} h5 {[%clk 0:15:09]}
29. gxh5 {[%clk 0:18:20]} gxh5 {[%clk 0:15:30]} 30. Rxf8+ {[%clk 0:17:46]} Kxf8
{[%clk 0:15:58]} 31. Kg2 {[%clk 0:18:04]} Kf7 {[%clk 0:16:20]} 32. Bc5
{[%clk 0:17:55]} Bf5 {[%clk 0:16:23]} 33. Kg3 {[%clk 0:17:24]} Ke6
{[%clk 0:15:43]} 34. h4 {[%clk 0:15:20]} Kxe5 {[%clk 0:16:06]} 35. Bxe7
{[%clk 0:15:43]} Ke4 {[%clk 0:16:16]} 36. a4 {[%clk 0:14:13]} Kd3
{[%clk 0:16:20]} 37. Bf6 {[%clk 0:14:34]} a5 {[%clk 0:15:43]} 38. Kf4
{[%clk 0:13:15]} Bg4 {[%clk 0:16:07]} 39. b4 axb4 {[%clk 0:16:20]} 40. cxb4
{[%clk 0:11:22]} Kc4 {[%clk 0:16:42]} 41. a5 {[%clk 0:09:17]} Kxb4
{[%clk 0:11:04]} 42. Bd8 {[%clk 0:09:30]} Kc3 {[%clk 0:09:53]} 43. Bf6+
{[%clk 0:09:52]} Kd3 {[%clk 0:09:52]} 44. Ba1 {[%clk 0:10:14]} Bd1
{[%clk 0:09:49]} 45. Ke5 {[%clk 0:10:28]} Bb3 {[%clk 0:09:56]} 46. Bd4
{[%clk 0:10:51]} Bc4 {[%clk 0:08:16]} 47. Bb6 {[%clk 0:11:02]} Ke4+ 48. Kxe4
1/2-1/2

[Event "2017 O2C Doeberl Cup"]
[Site "Canberra Australia"]
[Date "2017.04.14"]
[Round "3.6"]
[White "Heberla, Bartlomiej"]
[Black "Johansen, Darryl K"]
[Result "1-0"]
[LiveChessVersion "1.4.4"]
[BlackElo "2377"]
[WhiteElo "2580"]

1. e4 {[%clk 1:30:13]} c5 {[%clk 1:30:23]} 2. Nf3 {[%clk 1:30:39]} Nc6
{[%clk 1:28:47]} 3. d4 {[%clk 1:31:02]} cxd4 {[%clk 1:29:11]} 4. Nxd4
{[%clk 1:31:30]} Nf6 {[%clk 1:28:50]} 5. Nc3 {[%clk 1:31:52]} d6 {[%clk 1:29:14]}
6. Bc4 {[%clk 1:32:19]} e6 {[%clk 1:28:56]} 7. Be3 {[%clk 1:32:43]} Be7
{[%clk 1:25:42]} 8. Qe2 {[%clk 1:32:57]} a6 {[%clk 1:25:16]} 9. O-O-O
{[%clk 1:31:08]} Nxd4 {[%clk 1:20:04]} 10. Rxd4 {[%clk 1:30:59]} Nd7
{[%clk 1:14:26]} 11. Rhd1 {[%clk 0:50:47]} O-O {[%clk 1:13:09]} 12. a3
{[%clk 0:41:41]} b5 {[%clk 1:02:31]} 13. Ba2 {[%clk 0:42:05]} Qc7
{[%clk 0:53:32]} 14. f4 {[%clk 0:32:27]} Rb8 {[%clk 0:53:48]} 15. g4
{[%clk 0:28:23]} Re8 {[%clk 0:47:51]} 16. g5 {[%clk 0:28:28]} Bf8
{[%clk 0:47:59]} 17. h4 e5 18. Bxf7+ {[%clk 0:15:00]} Kxf7 {[%clk 0:42:28]} 19.
Qh5+ {[%clk 0:15:27]} Kg8 {[%clk 0:42:47]} 20. Qxe8 {[%clk 0:15:44]} exd4
{[%clk 0:39:38]} 21. Nd5 {[%clk 0:16:09]} Nf6 {[%clk 0:39:59]} 22. gxf6 Bg4 23.
Nxc7 Rxe8 24. Nxe8 Bxd1 25. Kxd1 dxe3 26. fxg7 Be7 27. h5 1-0

[Event "2017 O2C Doeberl Cup"]
[Site "Canberra Australia"]
[Date "2017.04.14"]
[Round "3.7"]
[White "Zhao, Zong-Yuan"]
[Black "Hu, Jason"]
[Result "1-0"]
[LiveChessVersion "1.4.4"]
[BlackElo "2162"]
[WhiteElo "2539"]

1. d4 {[%clk 1:29:08]} d5 {[%clk 1:30:52]} 2. c4 {[%clk 1:29:35]} c6
{[%clk 1:31:14]} 3. Nf3 {[%clk 1:30:00]} Nf6 {[%clk 1:31:38]} 4. Nc3
{[%clk 1:30:27]} e6 {[%clk 1:32:04]} 5. Bg5 {[%clk 1:30:50]} Nbd7
{[%clk 1:30:45]} 6. e3 {[%clk 1:31:13]} Be7 {[%clk 1:31:04]} 7. Bd3
{[%clk 1:31:35]} h6 {[%clk 1:31:22]} 8. Bh4 {[%clk 1:31:46]} O-O {[%clk 1:27:34]}
9. O-O {[%clk 1:31:08]} b6 {[%clk 1:27:47]} 10. Qe2 {[%clk 1:31:29]} Bb7
{[%clk 1:21:08]} 11. Rfd1 {[%clk 1:29:31]} c5 {[%clk 1:18:38]} 12. Ne5
{[%clk 1:28:07]} cxd4 {[%clk 1:07:40]} 13. exd4 {[%clk 1:28:12]} dxc4
{[%clk 1:06:43]} 14. Bxc4 {[%clk 1:28:37]} Nd5 {[%clk 0:58:56]} 15. Bxd5
{[%clk 1:25:17]} Bxd5 {[%clk 0:50:49]} 16. Nxd7 {[%clk 1:24:37]} Bxh4
{[%clk 0:47:13]} 17. Nxf8 {[%clk 1:24:53]} Kxf8 {[%clk 0:47:16]} 18. Nxd5
{[%clk 1:23:24]} Qxd5 {[%clk 0:47:37]} 19. Qe5 {[%clk 1:23:40]} Rd8
{[%clk 0:47:45]} 20. Qxd5 {[%clk 1:23:01]} Rxd5 {[%clk 0:48:08]} 21. Rac1
{[%clk 1:23:29]} Rd7 {[%clk 0:46:22]} 22. a4 {[%clk 1:22:33]} Bf6
{[%clk 0:46:42]} 23. Rc4 {[%clk 1:22:56]} g5 {[%clk 0:44:19]} 24. Kf1
{[%clk 1:22:32]} Rd5 {[%clk 0:44:32]} 25. Ke2 {[%clk 1:21:11]} a6
{[%clk 0:37:09]} 26. b3 {[%clk 1:19:47]} h5 {[%clk 0:34:47]} 27. f3
{[%clk 1:19:08]} Kg7 {[%clk 0:34:54]} 28. Ke3 {[%clk 1:18:15]} b5
{[%clk 0:29:37]} 29. Rc6 {[%clk 1:17:55]} bxa4 {[%clk 0:28:05]} 30. bxa4
{[%clk 1:18:23]} a5 {[%clk 0:26:20]} 31. Rb6 {[%clk 1:15:52]} Bd8
{[%clk 0:21:39]} 32. Rb5 {[%clk 1:15:52]} Rd6 {[%clk 0:13:51]} 33. d5
{[%clk 1:14:51]} Kg6 {[%clk 0:11:15]} 34. Rd3 {[%clk 1:12:16]} Bc7
{[%clk 0:10:22]} 35. Kd2 {[%clk 1:05:51]} Ra6 {[%clk 0:08:23]} 36. h3
{[%clk 1:01:21]} Bd6 {[%clk 0:07:38]} 37. dxe6 {[%clk 0:55:48]} Bf4+
{[%clk 0:07:16]} 38. Kc3 {[%clk 0:54:34]} fxe6 {[%clk 0:05:56]} 39. Kb3
{[%clk 0:52:43]} h4 {[%clk 0:05:55]} 40. Rc3 {[%clk 0:52:08]} Rd6
{[%clk 0:03:36]} 41. Rxa5 {[%clk 0:49:14]} Bd2 {[%clk 0:02:53]} 42. Rac5
{[%clk 0:47:36]} Bxc3 {[%clk 0:03:10]} 43. Rxc3 {[%clk 0:47:58]} Rd5
{[%clk 0:29:57]} 44. Rc2 {[%clk 1:07:40]} Kf5 {[%clk 0:29:22]} 45. Ra2
{[%clk 1:07:49]} e5 {[%clk 0:16:08]} 46. a5 {[%clk 1:04:32]} e4 {[%clk 0:13:51]}
47. fxe4+ {[%clk 1:04:52]} Kxe4 {[%clk 0:14:19]} 48. a6 {[%clk 1:05:10]} Rd8
{[%clk 0:14:44]} 49. Kc4 {[%clk 1:04:19]} Kf4 {[%clk 0:15:01]} 50. a7
{[%clk 1:03:27]} Ra8 {[%clk 0:15:20]} 51. Kc5 {[%clk 1:03:34]} Kg3
{[%clk 0:06:39]} 52. Kb6 {[%clk 1:03:50]} Rh8 {[%clk 0:06:13]} 53. a8=Q
{[%clk 1:03:53]} Rxa8 {[%clk 0:06:37]} 54. Rxa8 {[%clk 1:04:20]} Kxg2
{[%clk 0:07:00]} 55. Ra3 {[%clk 1:04:48]} 1-0

[Event "2017 O2C Doeberl Cup"]
[Site "Canberra Australia"]
[Date "2017.04.14"]
[Round "3.8"]
[White "Sukandar, Irine Kharisma"]
[Black "Goh, Sean Christian"]
[Result "0-1"]
[LiveChessVersion "1.4.4"]
[BlackElo "1916"]
[WhiteElo "2419"]

1. d4 d5 2. Nf3 Nf6 3. Bf4 e6 4. e3 c6 5. Nbd2 Be7 6. Bd3 Nbd7 7. h3 O-O 8. O-O
c5 9. c3 b6 10. Ne5 Bb7 11. Qf3 Qc8 12. Rfe1 Rd8 13. Rad1 Nf8 14. g4 Ng6 15. Bg5
Re8 16. Bxg6 hxg6 17. h4 Qd8 18. Nf1 Rf8 19. Qh3 Nd7 20. Bxe7 Qxe7 21. Nxd7 Qxd7
22. f4 Qb5 23. Rd2 Qc4 24. h5 gxh5 25. Qxh5 f6 26. Ng3 cxd4 27. exd4 Qc7 28. Rxe6
Qxf4 29. Nf5 Rf7 30. Rh2 Qc1+ 31. Kf2 Qf4+ 32. Kg2 Rd7 33. Qh8+ Kf7 34. Qxg7+
Kxe6 35. Qg6 Ba6 36. Rh6 Rf8 37. Ng3 Kd6 38. Rh5 0-1

[Event "2017 O2C Doeberl Cup"]
[Site "Canberra Australia"]
[Date "2017.04.14"]
[Round "4.1"]
[White "Ganguly, Surya Shekhar"]
[Black "Ly, Moulthun"]
[Result "1-0"]
[LiveChessVersion "1.4.4"]
[BlackElo "2486"]
[WhiteElo "2640"]

1. Nf3 d5 {[%clk 1:30:36]} 2. g3 {[%clk 1:31:08]} c6 {[%clk 1:30:44]} 3. Bg2
{[%clk 1:31:30]} Nf6 {[%clk 1:29:57]} 4. O-O {[%clk 1:31:48]} Bf5
{[%clk 1:28:20]} 5. d3 {[%clk 1:31:58]} e6 {[%clk 1:28:37]} 6. Nh4
{[%clk 1:31:35]} Bg6 {[%clk 1:27:58]} 7. Nxg6 {[%clk 1:27:58]} hxg6
{[%clk 1:28:20]} 8. c4 {[%clk 1:24:37]} Be7 {[%clk 1:27:24]} 9. Nc3
{[%clk 1:10:48]} O-O {[%clk 1:27:27]} 10. Qb3 {[%clk 1:06:34]} Nbd7
{[%clk 1:24:49]} 11. d4 {[%clk 1:04:28]} Qa5 {[%clk 1:12:34]} 12. Bf4
{[%clk 0:58:51]} Qb4 {[%clk 1:08:27]} 13. Qxb4 {[%clk 0:56:01]} Bxb4
{[%clk 1:08:47]} 14. cxd5 {[%clk 0:55:24]} exd5 {[%clk 1:07:42]} 15. a3
{[%clk 0:53:53]} Bxc3 {[%clk 1:05:57]} 16. bxc3 {[%clk 0:54:19]} Rfe8
{[%clk 1:06:08]} 17. Rfe1 {[%clk 0:49:01]} Nb6 {[%clk 1:02:39]} 18. f3
{[%clk 0:47:12]} Na4 {[%clk 1:02:02]} 19. Bd2 {[%clk 0:44:26]} Nd7
{[%clk 1:01:55]} 20. e4 {[%clk 0:41:33]} b5 {[%clk 0:56:56]} 21. e5
{[%clk 0:40:31]} Ndb6 {[%clk 0:57:11]} 22. Re2 {[%clk 0:40:52]} Nc4
{[%clk 0:57:31]} 23. Be1 {[%clk 0:41:18]} f6 {[%clk 0:51:16]} 24. f4
{[%clk 0:41:04]} Re7 {[%clk 0:50:07]} 25. Bf1 {[%clk 0:38:20]} Rae8
{[%clk 0:50:02]} 26. Rf2 {[%clk 0:38:05]} Kf7 {[%clk 0:48:59]} 27. Bd3
{[%clk 0:35:36]} f5 {[%clk 0:39:12]} 28. Raa2 {[%clk 0:35:05]} Nd6
{[%clk 0:38:12]} 29. Rf3 {[%clk 0:35:24]} Ne4 {[%clk 0:38:17]} 30. Rg2
{[%clk 0:35:45]} Nf6 {[%clk 0:27:42]} 31. h3 {[%clk 0:33:46]} Rh8
{[%clk 0:20:56]} 32. g4 {[%clk 0:34:00]} Ne4 {[%clk 0:21:02]} 33. gxf5
{[%clk 0:25:29]} gxf5 {[%clk 0:21:24]} 34. Bxe4 {[%clk 0:25:55]} dxe4
{[%clk 0:20:20]} 35. Rfg3 {[%clk 0:25:15]} Ke6 {[%clk 0:15:25]} 36. Rg6+
{[%clk 0:22:32]} Kd5 {[%clk 0:15:15]} 37. Rd6+ {[%clk 0:22:09]} Kc4
{[%clk 0:15:35]} 38. Rxc6+ {[%clk 0:22:33]} Kd3 {[%clk 0:15:53]} 39. d5
{[%clk 0:19:08]} Nb6 {[%clk 0:15:14]} 40. Rcg6 {[%clk 0:13:06]} e3
{[%clk 0:11:13]} 41. d6 {[%clk 0:13:06]} Ree8 {[%clk 0:11:19]} 42. d7
{[%clk 0:12:23]} Nxd7 {[%clk 0:11:02]} 43. Rd6+ {[%clk 0:12:48]} Ke4
{[%clk 0:11:20]} 44. Rg3 {[%clk 0:04:48]} Kd5 1-0

[Event "2017 O2C Doeberl Cup"]
[Site "Canberra Australia"]
[Date "2017.04.14"]
[Round "4.2"]
[White "Smirnov, Anton"]
[Black "Krasenkow, Michal"]
[Result "0-1"]
[LiveChessVersion "1.4.4"]
[BlackElo "2620"]
[WhiteElo "2511"]

1. d4 d5 2. c4 e6 3. Nf3 {[%clk 1:30:57]} c6 {[%clk 1:30:32]} 4. Nc3
{[%clk 1:29:32]} dxc4 {[%clk 1:31:53]} 5. e3 {[%clk 1:29:56]} b5 {[%clk 1:32:19]}
6. a4 {[%clk 1:30:21]} Bb4 {[%clk 1:32:45]} 7. Bd2 {[%clk 1:30:43]} a5
{[%clk 1:33:11]} 8. axb5 {[%clk 1:31:07]} Bxc3 {[%clk 1:33:38]} 9. Bxc3
{[%clk 1:31:29]} cxb5 {[%clk 1:34:04]} 10. b3 {[%clk 1:31:50]} Bb7
{[%clk 1:34:30]} 11. bxc4 b4 {[%clk 1:34:58]} 12. Bb2 {[%clk 1:32:35]} Nf6
{[%clk 1:35:26]} 13. Bd3 {[%clk 1:32:52]} O-O {[%clk 1:35:37]} 14. O-O
{[%clk 1:33:09]} Nbd7 {[%clk 1:36:02]} 15. Nd2 {[%clk 1:33:31]} Qc7
{[%clk 1:35:55]} 16. Bc2 {[%clk 1:33:08]} e5 {[%clk 1:35:38]} 17. d5
{[%clk 1:33:18]} Rfe8 {[%clk 1:16:37]} 18. Ba4 {[%clk 1:33:32]} Qb6
{[%clk 1:08:49]} 19. Kh1 {[%clk 1:25:51]} Re7 {[%clk 1:07:24]} 20. f4
{[%clk 1:17:06]} Qxe3 {[%clk 1:05:23]} 21. Nf3 {[%clk 1:16:53]} exf4
{[%clk 0:53:23]} 22. Bd4 {[%clk 1:16:19]} Qe2 {[%clk 0:53:48]} 23. Qc1
{[%clk 1:16:41]} Rc8 {[%clk 0:52:35]} 24. Qxf4 {[%clk 0:53:09]} Qxc4
{[%clk 0:49:50]} 25. Qd6 {[%clk 0:52:27]} Rce8 {[%clk 0:37:13]} 26. Bxf6
{[%clk 0:52:00]} Nxf6 {[%clk 0:37:21]} 27. Bxe8 {[%clk 0:52:22]} Rxe8
{[%clk 0:37:49]} 28. Rfe1 {[%clk 0:51:33]} Rc8 {[%clk 0:32:50]} 29. Rxa5
{[%clk 0:33:33]} b3 {[%clk 0:29:26]} 30. Raa1 {[%clk 0:22:34]} Bxd5
{[%clk 0:28:20]} 31. Rab1 {[%clk 0:21:26]} h6 {[%clk 0:26:03]} 32. Qa3
{[%clk 0:19:42]} Ra8 {[%clk 0:16:46]} 33. Qc1 {[%clk 0:16:13]} Qg4
{[%clk 0:16:51]} 34. Qe3 {[%clk 0:14:14]} Ra2 {[%clk 0:15:06]} 35. Re2
{[%clk 0:12:50]} Qf5 {[%clk 0:10:50]} 36. Reb2 {[%clk 0:09:10]} Ng4
{[%clk 0:10:57]} 37. Qc5 {[%clk 0:06:41]} Qd3 {[%clk 0:06:28]} 38. Qd4
{[%clk 0:06:03]} Nf2+ {[%clk 0:04:16]} 39. Kg1 {[%clk 0:04:04]} Nh3+
{[%clk 0:04:39]} 40. Kh1 {[%clk 0:00:55]} Qxf3 {[%clk 0:04:42]} 0-1

[Event "2017 O2C Doeberl Cup"]
[Site "Canberra Australia"]
[Date "2017.04.14"]
[Round "4.3"]
[White "Morris, James"]
[Black "Heberla, Bartlomiej"]
[Result "1-0"]
[LiveChessVersion "1.4.4"]
[BlackElo "2580"]
[WhiteElo "2459"]

1. e4 {[%clk 1:30:53]} c5 {[%clk 1:30:23]} 2. Nf3 {[%clk 1:30:31]} e6
{[%clk 1:30:45]} 3. c4 {[%clk 1:30:44]} Nc6 {[%clk 1:31:07]} 4. Nc3
{[%clk 1:31:11]} Nf6 {[%clk 1:31:28]} 5. d4 {[%clk 1:29:48]} cxd4
{[%clk 1:31:46]} 6. Nxd4 {[%clk 1:30:15]} Bb4 {[%clk 1:31:41]} 7. Nxc6
{[%clk 1:30:38]} bxc6 {[%clk 1:31:10]} 8. Bd3 {[%clk 1:31:05]} e5
{[%clk 1:30:45]} 9. O-O {[%clk 1:31:21]} d6 {[%clk 1:23:11]} 10. Qa4
{[%clk 1:19:59]} Qb6 {[%clk 0:51:56]} 11. Be3 {[%clk 1:05:17]} Bc5
{[%clk 0:47:15]} 12. Nd5 {[%clk 1:04:45]} Nxd5 {[%clk 0:46:30]} 13. Bxc5
{[%clk 1:05:11]} Nc3 {[%clk 0:44:53]} 14. Qxa7 {[%clk 1:02:48]} Qxa7
{[%clk 0:40:40]} 15. Bxa7 {[%clk 1:03:12]} Na4 {[%clk 0:40:55]} 16. Be3
{[%clk 1:03:33]} Nxb2 {[%clk 0:41:16]} 17. Be2 {[%clk 1:03:56]} Ba6
{[%clk 0:40:48]} 18. Rfc1 {[%clk 1:02:25]} d5 {[%clk 0:36:30]} 19. exd5
{[%clk 1:02:07]} cxd5 {[%clk 0:36:52]} 20. cxd5 {[%clk 1:02:24]} Bxe2
{[%clk 0:36:56]} 21. Rc2 {[%clk 1:02:50]} Nd3 {[%clk 0:16:54]} 22. Rxe2
{[%clk 1:02:28]} Kd7 {[%clk 0:17:22]} 23. Rd2 {[%clk 0:38:56]} e4
{[%clk 0:12:49]} 24. a4 {[%clk 0:37:23]} Rhb8 {[%clk 0:13:09]} 25. h3
{[%clk 0:36:03]} f5 {[%clk 0:06:37]} 26. f3 {[%clk 0:27:49]} Kd6 {[%clk 0:03:21]}
27. fxe4 {[%clk 0:28:11]} fxe4 {[%clk 0:03:49]} 28. a5 {[%clk 0:28:29]} Kxd5
{[%clk 0:01:01]} 29. a6 {[%clk 0:28:49]} Rb3 {[%clk 0:00:36]} 30. a7
{[%clk 0:28:37]} Kc4 {[%clk 0:00:32]} 31. Rc2+ {[%clk 0:26:51]} Rc3
{[%clk 0:00:34]} 32. Rxc3+ {[%clk 0:24:30]} Kxc3 {[%clk 0:01:02]} 33. Ra3+
{[%clk 0:22:01]} Kc2 {[%clk 0:00:38]} 34. Ra4 {[%clk 0:21:55]} 1-0

[Event "2017 O2C Doeberl Cup"]
[Site "Canberra Australia"]
[Date "2017.04.14"]
[Round "4.4"]
[White "Goh, Sean Christian"]
[Black "Zhao, Zong-Yuan"]
[Result "0-1"]
[LiveChessVersion "1.4.4"]
[BlackElo "2539"]
[WhiteElo "1916"]

1. d4 {[%clk 1:30:38]} c5 {[%clk 1:30:44]} 2. e3 {[%clk 1:29:25]} Nf6
{[%clk 1:30:51]} 3. Nf3 {[%clk 1:29:43]} g6 {[%clk 1:30:50]} 4. Bd3
{[%clk 1:29:49]} Bg7 {[%clk 1:31:10]} 5. Nbd2 {[%clk 1:30:03]} O-O
{[%clk 1:29:33]} 6. b3 {[%clk 1:30:19]} d5 {[%clk 1:28:35]} 7. Bb2
{[%clk 1:28:47]} b6 {[%clk 1:28:23]} 8. O-O {[%clk 1:29:05]} Bb7 {[%clk 1:27:56]}
9. Ne5 {[%clk 1:28:45]} Nbd7 {[%clk 1:28:06]} 10. f4 {[%clk 1:27:47]} Qc7
{[%clk 1:20:33]} 11. Ndf3 {[%clk 1:27:24]} Ne4 {[%clk 1:19:40]} 12. Nxd7
{[%clk 1:24:55]} Qxd7 {[%clk 1:19:08]} 13. Bxe4 {[%clk 1:24:59]} dxe4
{[%clk 1:19:34]} 14. Ne5 {[%clk 1:25:15]} Qc7 {[%clk 1:16:30]} 15. Qe2
{[%clk 1:22:13]} cxd4 {[%clk 1:12:35]} 16. exd4 {[%clk 1:20:09]} Rad8
{[%clk 1:06:02]} 17. Rad1 {[%clk 1:17:58]} e6 {[%clk 1:00:12]} 18. c4
{[%clk 1:16:23]} f6 {[%clk 0:57:12]} 19. Ng4 {[%clk 1:16:30]} Rd7
{[%clk 0:43:30]} 20. Qf2 {[%clk 1:15:21]} f5 {[%clk 0:42:46]} 21. Ne5
{[%clk 1:15:00]} Bxe5 {[%clk 0:42:28]} 22. dxe5 {[%clk 1:14:47]} Rfd8
{[%clk 0:40:03]} 23. Bd4 {[%clk 1:14:27]} Bc6 {[%clk 0:32:22]} 24. Rd2
{[%clk 1:10:37]} b5 {[%clk 0:31:02]} 25. c5 {[%clk 1:10:26]} b4 {[%clk 0:30:57]}
26. Rfd1 {[%clk 1:08:27]} Bb5 {[%clk 0:28:58]} 27. Be3 {[%clk 1:05:52]} Rd3
{[%clk 0:28:50]} 28. Rxd3 {[%clk 1:04:26]} exd3 {[%clk 0:28:38]} 29. Qh4
{[%clk 1:02:02]} Rf8 {[%clk 0:27:05]} 30. Qf2 {[%clk 1:00:28]} a5
{[%clk 0:26:14]} 31. Qd2 {[%clk 0:59:33]} Qc6 {[%clk 0:25:41]} 32. Qf2
{[%clk 0:56:48]} Qd7 {[%clk 0:23:34]} 33. Qh4 {[%clk 0:55:21]} a4
{[%clk 0:21:40]} 34. bxa4 {[%clk 0:53:05]} Bxa4 {[%clk 0:21:50]} 35. Rd2
{[%clk 0:53:28]} Bc2 {[%clk 0:17:21]} 36. Qe1 {[%clk 0:50:52]} Qd5
{[%clk 0:15:01]} 37. Rf2 {[%clk 0:49:47]} Rb8 {[%clk 0:13:35]} 38. Qd2
{[%clk 0:49:29]} Qxa2 {[%clk 0:07:30]} 39. Qxd3 {[%clk 0:49:30]} Bxd3
{[%clk 0:07:41]} 40. Rxa2 {[%clk 0:49:51]} b3 {[%clk 0:08:10]} 41. Rb2
{[%clk 0:49:50]} Bc2 {[%clk 0:08:38]} 42. Kf2 {[%clk 0:49:17]} Kf7
{[%clk 0:09:00]} 43. Bd4 {[%clk 0:47:40]} Rb4 {[%clk 0:08:39]} 44. Ke3
{[%clk 0:47:23]} Rc4 {[%clk 0:08:54]} 45. g3 {[%clk 0:47:16]} Ke8
{[%clk 0:09:16]} 46. c6 {[%clk 0:46:23]} Rxc6 {[%clk 0:09:32]} 47. Kd2
{[%clk 0:46:26]} Rc4 {[%clk 0:09:41]} 48. Bc3 {[%clk 0:46:02]} Re4
{[%clk 0:09:52]} 49. Ba5 {[%clk 0:46:04]} Kd7 {[%clk 0:10:12]} 50. Bb6
{[%clk 0:45:49]} Kc6 {[%clk 0:10:28]} 51. Ba7 {[%clk 0:45:39]} Kd5
{[%clk 0:10:41]} 52. Bb6 {[%clk 0:45:16]} Ra4 {[%clk 0:09:26]} 53. Ke3
{[%clk 0:45:12]} Kc4 {[%clk 0:09:21]} 54. Bd4 {[%clk 0:45:10]} Ra6
{[%clk 0:08:47]} 55. h3 {[%clk 0:44:55]} h6 {[%clk 0:08:47]} 56. g4
{[%clk 0:45:08]} fxg4 {[%clk 0:09:06]} 57. hxg4 {[%clk 0:45:31]} h5
{[%clk 0:09:30]} 58. gxh5 {[%clk 0:45:29]} gxh5 {[%clk 0:09:56]} 59. f5
{[%clk 0:45:30]} exf5 {[%clk 0:10:21]} 0-1